| 000 | 00347nam a2200145Ia 4500 | ||
|---|---|---|---|
| 008 | 230917s9999||||xx |||||||||||||| ||und|| | ||
| 040 |
_e140857 _aMAIN |
||
| 041 | _aEnglish | ||
| 082 | _a954.025 G211G | ||
| 100 | _aGascoigne, Bamber | ||
| 245 | 0 | _aGreat moghuals | |
| 260 |
_aNew Delhi _bBI Publications _c1971 |
||
| 300 | _a264 p. | ||
| 942 | _cBK | ||
| 999 |
_c99018 _d99018 |
||